| 000 | 00435nam a2200133Ia 4500 | ||
|---|---|---|---|
| 008 | 220216s9999 xx 000 0 und d | ||
| 100 | _aSteger L | ||
| 245 | 0 | _aResins in tyre compounds | |
| 260 | _bInternational Rubber Conference 1997. Rubber Science and Technology: Improving Quality of Life, Kuala Lumpur, Malaysia 6-9 Oct 1997; p458-462 | ||
| 650 | _aTyre compounds | ||
| 700 | _aHillner K | ||
| 700 | _aSchroter S | ||
| 942 | _cJS | ||
| 999 |
_c66821 _d66821 |
||